00286nam a2200121Ia 4500008004100000100001400041245002600055260003900081300000800120650001400128942000700142999001500149190216s9999||||xx |||||||||||||| ||und|| aKuriakose 0aIlo And Young Workers bSomaiya Publications Pvt Ltdc1972 a53p aEconomics cBK c9276d9276